Wszystkie gminy w powiecie częstochowskim - Statystyki

Ogólne statystyki
  • Ten quiz został rozwiązany 161 razy
  • Średni wynik to 8 z 16
Statystyki odpowiedzi
Lp Ludność Nazwa gminy % Poprawnych
1 13 132 Blachownia
74%
3 7 814 Olsztyn
72%
8 10 783 Mstów
64%
6 12 762 Poczesna
62%
4 15 012 Mykanów
56%
7 10 755 Konopiska
54%
9 10 055 Rędziny
54%
2 9 690 Koniecpol
50%
5 13 638 Kłomnice
49%
10 5 959 Janów
48%
12 4 941 Lelów
46%
11 5 621 Kamienica Polska
42%
15 3 833 Przyrów
41%
13 4 887 Kruszyna
40%
16 2 820 Starcza
37%
14 3 909 Dąbrowa Zielona
34%
Nie znaleziono quizów pasujących do podanych kryteriów
Rozkład punktacji
Procent ludzi z każdym wynikiem
Percentyl według liczby udzielonych odpowiedzi
Twoja historia wyników
Nie rozwiązałeś tego quizu